000 00344nam a22001457a 4500
003 SGT
020 _a9780143443232
082 _a320
_bG18M
100 _aMAJUMDAR, USHINAR
245 _aGOD OF SIN: THE CULT, CLOUT AND THE DOWNFALL OF A.B.
260 _bPENGUIN BOOKS
_c2018
300 _a295
650 _aPOLITICAL SCIENCE
942 _2ddc
_cBK
999 _c28630
_d28630